Name that Shape! - Statistics

General Stats
  • This quiz has been taken 24 times
  • The average score is 7 of 12
Answer Stats
Picture Answer % Correct
Circle
96%
Hexagon
92%
Square
92%
Triangle
92%
Oval
83%
Octagon
79%
Pentagon
75%
Rhombus
63%
Kite
46%
12-gon
4%
15-gon
4%
25-gon
4%
No matching quizzes found
Score Distribution
Percent of People with Each Score
Percentile by Number Answered
Your Score History
You have not taken this quiz